Advanced microprocessors and peripherals (Record no. 9766)

MARC details
000 -LEADER
fixed length control field 00511nam a2200229Ia 4500
001 - CONTROL NUMBER
control field 092024
003 - CONTROL NUMBER IDENTIFIER
control field YMCAF
005 - DATE AND TIME OF LATEST TRANSACTION
control field 20230512161824.0
008 - FIXED-LENGTH DATA ELEMENTS--GENERAL INFORMATION
fixed length control field 100717s2007 ||||||||||||||||| ||und|d
024 ## - OTHER STANDARD IDENTIFIER
Standard number or code 92024
035 ## - SYSTEM CONTROL NUMBER
System control number 31482
040 ## - CATALOGING SOURCE
Original cataloging agency YMCAF
Language of cataloging eng
Transcribing agency IN-KoLT
041 ## - LANGUAGE CODE
Language code of text/sound track or separate title eng
082 ## - DEWEY DECIMAL CLASSIFICATION NUMBER
Classification number 004.16
Item number RAY
100 ## - MAIN ENTRY--PERSONAL NAME
Personal name Ray, Ajoy Kumar
245 #0 - TITLE STATEMENT
Title Advanced microprocessors and peripherals
250 ## - EDITION STATEMENT
Edition statement 2nd
260 ## - PUBLICATION, DISTRIBUTION, ETC.
Name of publisher, distributor, etc. TMH
Date of publication, distribution, etc. 2007
300 ## - PHYSICAL DESCRIPTION
Extent 689
653 ## - INDEX TERM--UNCONTROLLED
Uncontrolled term Bhurchandi, K M
942 ## - ADDED ENTRY ELEMENTS (KOHA)
Source of classification or shelving scheme Dewey Decimal Classification
Koha item type Books
Holdings
Withdrawn status Lost status Damaged status Not for loan Home library Current library Date acquired Cost, normal purchase price Total Checkouts Barcode Date last seen Cost, replacement price Price effective from Koha item type Public note G Date last checked out
  Lost     JC Bose University of Science & Technology JC Bose University of Science & Technology 17/07/2010 275.00   31491 12/05/2023 275.00 12/05/2023 Books C 958  
        JC Bose University of Science & Technology JC Bose University of Science & Technology 17/07/2010 275.00   31482 12/05/2023 275.00 12/05/2023 Books C 958  
        JC Bose University of Science & Technology JC Bose University of Science & Technology 17/07/2010 275.00 1 31483 06/03/2025 275.00 12/05/2023 Books C 958 11/02/2025
        JC Bose University of Science & Technology JC Bose University of Science & Technology 17/07/2010 275.00   31484 12/05/2023 275.00 12/05/2023 Books C 958  
        JC Bose University of Science & Technology JC Bose University of Science & Technology 17/07/2010 275.00   31485 12/05/2023 275.00 12/05/2023 Books C 958  
        JC Bose University of Science & Technology JC Bose University of Science & Technology 17/07/2010 275.00   31486 12/05/2023 275.00 12/05/2023 Books C 958  
        JC Bose University of Science & Technology JC Bose University of Science & Technology 17/07/2010 275.00   31487 12/05/2023 275.00 12/05/2023 Books C 958  
        JC Bose University of Science & Technology JC Bose University of Science & Technology 17/07/2010 275.00   31488 12/05/2023 275.00 12/05/2023 Books C 958  
        JC Bose University of Science & Technology JC Bose University of Science & Technology 17/07/2010 275.00 1 31489 14/06/2024 275.00 12/05/2023 Books C 958 28/05/2024
  Lost     JC Bose University of Science & Technology JC Bose University of Science & Technology 17/07/2010 275.00   31490 12/05/2023 275.00 12/05/2023 Books C 958